000 00489nam a22001577a 4500
005 20231129142118.0
008 231129b |||||||| |||| 00| 0 eng d
041 _aEnglish / Afrikaans
082 _a340.06 NAT
100 _lEnglish / Afrikaans
245 _aThe Natal Law Society Act No. 53, 1979 together with Rules of the Council Code of Ethics
260 _c1979
300 _b41 pages ;
_c24 cm.
650 _aLegal practice
_bLaw
942 _cBK
_6ALISON_BN_VRIES
999 _c1059
_d1059